Регионална библиотека "Любен Каравелов" - Русе

Генезис и адекватностни характеристики на диригентския жест (Запис номер 127403)

MARC детайли
000 -Лидер
Контролно поле с фиксирана дължина nam a22 a 4500
003 - Код на организацията, давaща контролен номер
Контролно поле BLK
005 - Дата и час на последна редакция
Контролно поле 20210727130333.0
008 - Елементи от данни с фиксирана дължина
fixed length control field 180409b bul|||||r ||||||| ||bul||
010 ## - Наследен системен номер
LC control number KNG00133105000
020 ## - Международен стандартен номер на книга ISBN
Международен стандартен номер на книга ISBN 978-954-2925-01-9
040 ## - Източник на каталожния запис
Идентификатор на билиотеката - собственик на записа BLK
041 ## - Код за език
Код за езика на текст/звукозапис или на отделно заглавие Български
Код за езика КДБФ Български
080 ## - УДК
Текстов определител УДК Музикални изпълнители (инструменталисти, певци), интерпретатори, диригенти
УДК код - определител по УДК 78.071.2
УДК определител .001.1
УДК - код + определител 78.071.2.001.1
100 1# - Редна дума - Автор
Автор Бакалов, Иван Крумов
Авторска отговорност първи автор
R(LIN) 320671
139 ## - Редно поле
Редна дума Бакалов, Иван Крумов
Авторски знак Бак - Б 16
245 10 - Сведения за заглавието
Заглавие Генезис и адекватностни характеристики на диригентския жест
Редно поле (дума) Иван Бакалов.
257 ## - Страна на издаване
Страна на създаване/издаване България
260 ## - Област на издателските данни
Място на издаване, разпространение и проч. София
Име на издателя, разпространителя и проч. Марс 09
Година на издаване 2010
Печатница София : Симолини 94
300 ## - Физическа характеристика
Страници 255 с.
Илюстрации и др. с ил., ноти
Размери/Мащаб 24 см
380 ## - Жанр
Жанр Изкуство
500 ## - Общи забележки
Забележка Рез. на англ., нем. ез.
504 ## - Забележка за наличие на библиография и др
Забележка за наличие на библиография и под. Библиогр. с. 250.
650 #4 - Допълнително описание по предмет – тема
Основно описание – тема или топоним Диригентство
9 (RLIN) 153531
653 ## - Ключова дума – ненормативна
Ключова дума дирижиране
653 ## - Ключова дума – ненормативна
Ключова дума теории
852 ## - Местоположение
Форматна сигнатура Цб 256056
852 ## - Местоположение
Фондова буква Отдел Изкуство - подръчен фонд
Систематично-азбучна сигнатура 78.071.2/Б 16 И
856 4# - Електронен адрес и достъп
Електронен формат pdf - файл
856 4# - Електронен адрес и достъп
Електронен формат pdf - файл
999 ## - СИСТЕМНИ КОНТРОЛНИ НОМЕРА
Koha biblionumber 127403
Koha biblioitemnumber 127403
942 ## - АРТИКУЛИ
Вид на библиотечния материал Книги
Скрит в OPAC Не
Периодичен библиозапис Да
944 ## - СЪЗДАВАНЕ И РЕДАКЦИЯ на ЗАПИСА
Създаване/Редакция Създаване
Дата на регистрацията/редакция 23.08.2012
Служител, извършил регистрацията/редакцията Милена_Ачева
944 ## - СЪЗДАВАНЕ И РЕДАКЦИЯ на ЗАПИСА
Създаване/Редакция Редакция
Дата на регистрацията/редакция 2021-07-27
Служител, извършил регистрацията/редакцията ГГГ
Наличности
Код за отписване Код за изгубен артикул Код за повреда Коз за рестрикции Код за отдаване Артикулен № Име на библиотеката - собственик Име на библиотеката, в която се намира в момента Статус (Текущо местоположение) Дата на вписване в системата Местоположение - отдел Цена в лева Инвентарен номер Систематично азбучна сигнатура Баркод Номер на екземпляра Цена в евро Служебна бележка Служебен тип на артикула Източник на класификационната схема
  Не е изгубен Не е повреден без рестрикции ползва се в читалня 207259 Регионална библиотека "Любен Каравелов" Русе Регионална библиотека "Любен Каравелов" Русе Хранилище 2012-08-23 Хранилище 7.60 120000759381 Цб 256056 120000759381 1 3.89 Дост: Dp Вид: Д N: 28 Дата: 11.07.2011 Книги  
  Не е изгубен Не е повреден без рестрикции заемане за дома 845153 Регионална библиотека "Любен Каравелов" Русе Регионална библиотека "Любен Каравелов" Русе Отдел Изкуство - подръчен фонд 2021-07-28 Отдел Изкуство - подръчен фонд 7.60   78.071.2/Б 16 И 120000859268   3.89   Книги Universal Decimal Classification
Vip Innovations Ltd, Rousse, Bulgaria 2025